Mahathir, a profile in courage
Zapisane w:
| 1. autor: | |
|---|---|
| Format: | Książka |
| Język: | Undetermined |
| Wydane: |
Singapore
Eastern Universities Press (M)
1982
|
| Hasła przedmiotowe: | |
| Etykiety: |
Dodaj etykietę
Nie ma etykietki, Dołącz pierwszą etykiete!
|
| Thư viện lưu trữ: | Trung tâm Học liệu Trường Đại học Cần Thơ |
|---|
| LEADER | 00548nam a2200205Ia 4500 | ||
|---|---|---|---|
| 001 | CTU_90180 | ||
| 008 | 210402s9999 xx 000 0 und d | ||
| 082 | |a 959.504 | ||
| 082 | |b M827 | ||
| 100 | |a Morais, J. Victor | ||
| 245 | 0 | |a Mahathir, a profile in courage | |
| 245 | 0 | |c J. Victor Morais | |
| 260 | |a Singapore | ||
| 260 | |b Eastern Universities Press (M) | ||
| 260 | |c 1982 | ||
| 650 | |a Prime ministers | ||
| 650 | |x Biography | ||
| 650 | |z Malaysia | ||
| 904 | |i Năm,Hải | ||
| 980 | |a Trung tâm Học liệu Trường Đại học Cần Thơ | ||